000 00726nam a2200229 a 4500
008
020 _a0797419225
049 _aMAIN
090 _aHE8689.9.A3UPI
245 0 0 _aUp in the air :
_bthe state of broadcasting in Southern Africa /
_cAida Opoku-Mensah ... [et al.]
260 _aLusaka :
_bPano Southern Africa,
_cc1998.
300 _aii, 143 p. ;
_c21 cm.
504 _aIncludes bibliographical references.
650 0 _aBroadcasting
_zAfrica, Southern.
650 0 _aBroadcasting
_zSouth Africa.
700 1 _aOpoku-Mensah, Aida.
907 _a.b10019765
_b07-03-06
_c17-04-03
003
005 20230123133257.0
040 _cNUST
942 _cBOOKS
_kHE8689.9.A3UPI
999 _c145814
_d145814